000 00605nam a2200217Ia 4500
001 3114
003 GE_BSU
008 181216s||||||||xx |||||||||||||| ||und||
040 _cGE_BSU
080 _a51(075.8)
100 _aСмирнов.В.И.
245 _aКурс высшей математики. Том первый.
245 _bУчебник.
245 _cРед. Г.П.Акилов.
250 _aИзд. 13-ое. стереотипное.
260 _aМ.
260 _c1952.
300 _a472 стр. 22 см.
653 _aКурс высшей математики.
942 _cBK
999 _c37158
_d37158